| 000 | 01445nam a2200421Ii 4500 | ||
|---|---|---|---|
| 001 | DIGDEU0419 | ||
| 003 | NyNyDIG | ||
| 006 | m o d | ||
| 007 | cr ||||||||||| | ||
| 008 | 130501s1999 sp b 000 0 spa d | ||
| 020 |
_a9788498309232 _q(eBook) |
||
| 020 | _z8474855829 | ||
| 020 | _z9788474855821 | ||
| 035 | _a(OCoLC)888263659 | ||
| 040 |
_aDGITA _beng _epn _cDGITA |
||
| 050 | 1 | 4 | _aBT102 eBook |
| 100 | 1 |
_aArmendáriz, Luis Ma. _q(Luis María) |
|
| 245 | 1 | 0 |
_aPueden coexistir Dios y el mal? : _buna respuesta cristiana / _cLuis M. Armendáriz. |
| 264 | 1 |
_aBilbao : _bUniversidad de Deusto, _c1999. |
|
| 300 | _a1 online resource (45 pages) | ||
| 336 |
_atext _btxt _2rdacontent |
||
| 337 |
_acomputer _bc _2rdamedia |
||
| 338 |
_aonline resource _bcr _2rdacarrier |
||
| 490 | 1 |
_aCuadernos de teología Deusto ; _vno. 19. |
|
| 504 | _aIncludes bibliographical references. | ||
| 650 | 0 | _aTheodicy. | |
| 650 | 0 | _aGod (Christianity) | |
| 650 | 0 | _aTheology, Doctrinal. | |
| 650 | 0 | _aGood and evil. | |
| 655 | 0 | _aElectronic books. | |
| 710 | 2 |
_aUniversidad de Deusto. _bFacultad de Teología. |
|
| 791 | 2 |
_aDigitalia (Firm), _edistributor. |
|
| 830 | 0 |
_aCuadernos de teología Deusto ; _vno. 19. |
|
| 793 | 0 |
_gDigitalia eBook Collection: _aUniversidad de Deusto. |
|
| 856 | 4 | 0 |
_3Digitalia Hispánica _uhttps://www.digitaliapublishing.com/a/17880/ |
| 910 | _aPremium Collection: 2007-2012 | ||
| 942 | _cRAA | ||
| 999 |
_c235596 _d235596 |
||